[Event "Titled Tue 27th May Early"]
[Site "chess.com INT"]
[Date "2025.05.27"]
[Round "3"]
[White "Jiganchine, Roman"]
[Black "Gales, Randi-Ioan"]
[Result "1-0"]
[WhiteTitle "CM"]
[BlackTitle "CM"]
[WhiteElo "2205"]
[BlackElo "2290"]
[WhiteFideId "2603667"]
[BlackFideId "1285360"]
[EventDate "2025.05.27"]

1. Nf3 d5 2. e3 Nf6 3. c4 e6 4. b3 Be7 5. Bb2 O-O 6. d4 b6 7. Nc3 Bb7 8. Bd3
Nbd7 9. O-O c5 10. Rc1 Rc8 11. Qe2 cxd4 12. exd4 dxc4 13. bxc4 Qc7 14. Rfd1 Rfd8
15. d5 Nc5 16. dxe6 Nxe6 17. Nd5 Bxd5 18. cxd5 Nf4 19. Qf1 Qb7 20. Ba6 Qd7 21.
Bxc8 Rxc8 22. Ne5 Qf5 23. Rxc8+ Qxc8 24. d6 Bd8 25. Qc4 Qf5 26. Qxf7+ Kh8 27.
Qf8+ Ng8 28. Qxf5 Ne2+ 29. Kf1 Nh6 30. Qf8+ Ng8 31. Nf7# 1-0

[Event "Titled Tue 27th May Early"]
[Site "chess.com INT"]
[Date "2025.05.27"]
[Round "3"]
[White "Sadey, Rinoa Mariel"]
[Black "Leschinsky, Gary"]
[Result "0-1"]
[WhiteElo "1760"]
[BlackElo "1992"]
[WhiteFideId "5255945"]
[BlackFideId "30951321"]
[EventDate "2025.05.27"]

1. d4 Nf6 2. Nf3 d6 3. c4 g6 4. Nc3 Bg7 5. e4 O-O 6. Be2 e5 7. Be3 Ng4 8. Bg5 f6
9. Bh4 Nh6 10. h3 Nf7 11. O-O Nc6 12. Bg3 exd4 13. Nxd4 Nxd4 14. Qxd4 f5 15. Qd2
Ne5 16. f4 Nc6 17. exf5 Bxf5 18. Nd5 Qd7 19. Bd3 Bxd3 20. Qxd3 Bxb2 21. Rab1
Bd4+ 22. Kh1 b6 23. Rbe1 Bg7 24. Re2 Rae8 25. Ref2 Ne7 26. Nxe7+ Qxe7 27. f5
gxf5 28. Rxf5 Rxf5 29. Qxf5 Qe6 30. Qd3 Qe4 31. Qb3 Qe3 32. Re1 Qxb3 33. Rxe8+
Kf7 34. axb3 Kxe8 35. Kg1 Kd7 36. b4 a5 37. bxa5 bxa5 38. Be1 a4 39. Bb4 Bb2 40.
Kf2 c5 41. Bd2 a3 0-1

[Event "Titled Tue 27th May Early"]
[Site "chess.com INT"]
[Date "2025.05.27"]
[Round "3"]
[White "Yevchenko, Oleksandr"]
[Black "Duarte Cramer, Lily Jeanette"]
[Result "0-1"]
[WhiteTitle "CM"]
[BlackTitle "WCM"]
[WhiteElo "2276"]
[BlackElo "1828"]
[WhiteFideId "14108267"]
[BlackFideId "29620180"]
[EventDate "2025.05.27"]

1. c4 c6 2. e4 d5 3. exd5 cxd5 4. cxd5 Qxd5 5. Nc3 Qd8 6. Nf3 Nf6 7. d4 e6 8.
Bc4 Nc6 9. O-O Be7 10. Bf4 a6 11. Rc1 O-O 12. Bb3 Bb4 13. Qd3 Ba5 14. Bc2 Nb4
15. Qe2 Nxc2 16. Qxc2 Bxc3 17. bxc3 b5 18. c4 bxc4 19. Qxc4 Bb7 20. Ne5 Bd5 21.
Qe2 Qa5 22. Rc2 Rfc8 23. Rfc1 Rxc2 24. Rxc2 Qb4 25. Be3 Bxa2 26. h3 Bd5 27. Rc7
Qb1+ 28. Kh2 a5 29. Nxf7 Qg6 30. g3 Qe4 31. f3 Qxf3 32. Qxf3 Bxf3 33. Ng5 Bd5
34. Bc1 a4 0-1

[Event "Titled Tue 27th May Early"]
[Site "chess.com INT"]
[Date "2025.05.27"]
[Round "3"]
[White "Otdelnov, Kirill"]
[Black "Essing, Arnold"]
[Result "1-0"]
[WhiteTitle "FM"]
[BlackTitle "FM"]
[WhiteElo "2273"]
[BlackElo "2211"]
[WhiteFideId "24280216"]
[BlackFideId "4619862"]
[EventDate "2025.05.27"]

1. e4 Nf6 2. e5 Nd5 3. d4 d6 4. Nf3 g6 5. Bc4 Nb6 6. Bb3 Bg7 7. O-O O-O 8. Qe2
d5 9. Bg5 Bg4 10. h3 Bxf3 11. Qxf3 Na6 12. c3 c5 13. Nd2 Rc8 14. Be3 e6 15. Rac1
Qd7 16. h4 cxd4 17. cxd4 Rxc1 18. Rxc1 Rc8 19. Re1 Nc4 20. Nxc4 dxc4 21. Bc2 c3
22. bxc3 Rxc3 23. Be4 Nb4 24. h5 Nc2 25. Bxc2 Rxc2 26. h6 Bf8 27. Rd1 Qd5 28.
Qf6 b6 29. a3 a5 30. a4 Rc4 31. Rb1 Qc6 32. Qd8 Rxa4 33. Rxb6 Ra1+ 34. Kh2 Qe4
35. Rb8 1-0

[Event "Titled Tue 27th May Early"]
[Site "chess.com INT"]
[Date "2025.05.27"]
[Round "3"]
[White "Zaksaite, Salomeja"]
[Black "Madi, Aidana"]
[Result "1-0"]
[WhiteTitle "WGM"]
[BlackTitle "WFM"]
[WhiteElo "2119"]
[BlackElo "1855"]
[WhiteFideId "12801496"]
[BlackFideId "13722689"]
[EventDate "2025.05.27"]

1. d4 Nf6 2. Nf3 e6 3. c4 c5 4. g3 d5 5. cxd5 exd5 6. Bg2 Nc6 7. O-O Be7 8. dxc5
Bxc5 9. Nc3 Be6 10. Na4 Bd6 11. Be3 Qe7 12. Rc1 Ne4 13. Nd4 Nxd4 14. Bxd4 O-O
15. a3 a5 16. Nc3 Nxc3 17. Rxc3 Rac8 18. Qd2 b5 19. Rxc8 Rxc8 20. Qxa5 Qd7 21.
Qd2 h6 22. Rc1 Be7 23. Rxc8+ Qxc8 24. Qc3 Qd7 25. Bxg7 Bf8 26. Bxf8 Kxf8 27.
Qh8+ Ke7 28. Qxh6 Qc6 29. Qd2 Qc4 30. h4 Qg4 31. Qb4+ Qxb4 32. axb4 Kf6 33. f4
d4 34. Kf2 Bg4 35. Bc6 Ke6 36. Bxb5 Kd5 37. Bd3 f5 38. b5 Kc5 39. b4+ Kb6 40. e3
dxe3+ 41. Kxe3 Kc7 42. Kd4 Kd6 43. b6 Kc6 44. Ke5 Kxb6 45. Bxf5 Be2 46. g4 Kb5
47. h5 Kxb4 48. h6 1-0

[Event "Titled Tue 27th May Early"]
[Site "chess.com INT"]
[Date "2025.05.27"]
[Round "3"]
[White "Shogdzhiev, Roman"]
[Black "Ermolaev, Evgeny"]
[Result "1-0"]
[WhiteTitle "FM"]
[BlackTitle "FM"]
[WhiteElo "2329"]
[BlackElo "2282"]
[WhiteFideId "55653537"]
[BlackFideId "24103195"]
[EventDate "2025.05.27"]

1. d3 Nf6 2. g3 g6 3. Bg2 Bg7 4. Nd2 O-O 5. e4 c5 6. Ngf3 Nc6 7. O-O d5 8. Re1
e5 9. c3 h6 10. h3 Be6 11. exd5 Nxd5 12. Nc4 Qc7 13. a4 Rad8 14. Qc2 Rfe8 15.
Bd2 Bf5 16. h4 Nb6 17. Nxb6 Bxd3 18. Qc1 Qxb6 19. Bxh6 e4 20. Bxg7 Kxg7 21. Ng5
f5 22. h5 Na5 23. h6+ Kf6 24. Qf4 Qd6 25. Qh4 Qe7 26. Nxe4+ Kf7 27. Ng5+ Kg8 28.
h7+ Kh8 29. Rxe7 Rxe7 30. Nf7+ 1-0

[Event "Titled Tue 27th May Early"]
[Site "chess.com INT"]
[Date "2025.05.27"]
[Round "3"]
[White "Dambaev, Dashi"]
[Black "Iljin, Timofey"]
[Result "0-1"]
[WhiteTitle "CM"]
[BlackTitle "IM"]
[WhiteElo "2211"]
[BlackElo "2242"]
[WhiteFideId "55628494"]
[BlackFideId "14110180"]
[EventDate "2025.05.27"]

1. e4 e6 2. d4 d5 3. Nd2 h6 4. Ngf3 Nf6 5. Bd3 c5 6. exd5 exd5 7. dxc5 Bxc5 8.
O-O O-O 9. Nb3 Bb6 10. h3 Nc6 11. Re1 a6 12. Be3 Bc7 13. Bc5 Re8 14. Rxe8+ Qxe8
15. Qf1 Ne4 16. Re1 Bf5 17. Nfd4 Nxd4 18. Nxd4 Qe5 19. f4 Qxf4 20. Qxf4 Bxf4 21.
Nxf5 Nxc5 22. Ne7+ Kf8 23. Nxd5 Bg5 24. Be2 Re8 25. Kf1 Ne4 26. Nc3 Bh4 27. Rd1
Ng3+ 0-1

[Event "Titled Tue 27th May Early"]
[Site "chess.com INT"]
[Date "2025.05.27"]
[Round "3"]
[White "Fisabilillah, Ummi"]
[Black "Nurgaliyev, Sauat"]
[Result "0-1"]
[WhiteTitle "WIM"]
[BlackTitle "IM"]
[WhiteElo "2115"]
[BlackElo "2407"]
[WhiteFideId "7104804"]
[BlackFideId "13726285"]
[EventDate "2025.05.27"]

1. Nf3 c5 2. b3 d6 3. Bb2 e5 4. e4 Nc6 5. Bb5 g6 6. d3 Bg7 7. Nbd2 Ne7 8. h3 O-O
9. a4 Be6 10. Ng5 Bd7 11. Nc4 d5 12. Nd2 d4 13. O-O a6 14. Bxc6 Nxc6 15. Ngf3
Be6 16. Ba3 b6 17. a5 Nxa5 18. b4 Nb7 19. bxc5 Nxc5 20. Rb1 Re8 21. Qc1 Na4 22.
Nc4 Bxc4 23. dxc4 Nc3 24. Qd2 Nxb1 25. Rxb1 Rc8 26. Qd3 Qc7 27. c5 bxc5 28. Nd2
c4 29. Qg3 Qa5 30. Bb4 Qa2 31. Rf1 Qxc2 32. f4 c3 33. Nf3 Qxe4 34. fxe5 c2 35.
Ng5 Qe3+ 0-1

[Event "Titled Tue 27th May Early"]
[Site "chess.com INT"]
[Date "2025.05.27"]
[Round "3"]
[White "Rustemov, Alexander"]
[Black "Brezis, Ari"]
[Result "1-0"]
[WhiteTitle "GM"]
[BlackTitle "CM"]
[WhiteElo "2525"]
[BlackElo "2188"]
[WhiteFideId "4119002"]
[BlackFideId "2858541"]
[EventDate "2025.05.27"]

1. d4 Nf6 2. c4 e6 3. Nf3 Bb4+ 4. Bd2 Qe7 5. g3 Nc6 6. Nc3 O-O 7. Bg2 d5 8. a3
Bxc3 9. Bxc3 dxc4 10. Qa4 Nd5 11. Qxc4 Nxc3 12. Qxc3 Qd6 13. O-O Ne7 14. Rac1 c6
15. Ne5 Nd5 16. Qb3 f6 17. Nd3 Bd7 18. Qxb7 Rfb8 19. Qa6 Rb5 20. Qa4 Rab8 21.
Qc4 Kh8 22. e3 Nb6 23. Qc2 Nd5 24. Rfd1 a5 25. Rd2 Be8 26. e4 Ne7 27. Qc4 Bf7
28. Rcc2 Kg8 29. Qc3 Rd8 30. Nc5 Rdb8 31. f4 Qd8 32. Bh3 Qd6 33. e5 Qd5 34. exf6
gxf6 35. Bg2 Qd6 36. Ne4 Qd8 37. Nxf6+ Kg7 38. d5 1-0

[Event "Titled Tue 27th May Early"]
[Site "chess.com INT"]
[Date "2025.05.27"]
[Round "3"]
[White "Aarav Sinha"]
[Black "Suleymanli, Suleyman"]
[Result "0-1"]
[WhiteTitle "FM"]
[BlackTitle "FM"]
[WhiteElo "2255"]
[BlackElo "2322"]
[WhiteFideId "25674064"]
[BlackFideId "13416375"]
[EventDate "2025.05.27"]

1. e4 e6 2. d4 d5 3. Nd2 c5 4. Ngf3 Nc6 5. exd5 exd5 6. Bb5 cxd4 7. O-O Bd6 8.
Nxd4 Ne7 9. N2f3 O-O 10. h3 Bc7 11. Be2 Nxd4 12. Qxd4 Nc6 13. Qd1 Bf5 14. c3 Be4
15. Bd3 Qf6 16. Ng5 Rfe8 17. Nxe4 dxe4 18. Bc4 Rad8 19. Qe2 h6 20. Bb5 Re6 21.
Bxc6 bxc6 22. Be3 Qe5 23. g3 Rg6 24. Rfd1 Rd3 25. Rxd3 exd3 26. Qf3 Rf6 27. Qd1
Qe4 28. Qe1 Re6 29. Rd1 Bxg3 30. fxg3 Qxe3+ 31. Qxe3 Rxe3 32. Rd2 Rxg3+ 33. Kh2
Re3 34. b4 Re2+ 35. Rxe2 dxe2 36. Kg2 e1=Q 0-1

[Event "Titled Tue 27th May Early"]
[Site "chess.com INT"]
[Date "2025.05.27"]
[Round "3"]
[White "Sava, Robert-Gabriel"]
[Black "Jake Shanty"]
[Result "0-1"]
[WhiteTitle "CM"]
[BlackTitle "FM"]
[WhiteElo "2155"]
[BlackElo "2252"]
[WhiteFideId "1265725"]
[BlackFideId "33478066"]
[EventDate "2025.05.27"]

1. e4 c5 2. Nf3 d6 3. d4 cxd4 4. Nxd4 Nf6 5. Bd3 g6 6. c4 Bg7 7. Nc3 O-O 8. O-O
Nc6 9. Nc2 Bd7 10. Rb1 Rc8 11. b3 a6 12. Bd2 Ne8 13. Nd5 e6 14. Nde3 Nc7 15. Be2
b5 16. cxb5 axb5 17. Nb4 Qe7 18. Nxc6 Bxc6 19. Bd3 d5 20. exd5 Nxd5 21. Nxd5
Bxd5 22. Bxb5 Qb7 23. a4 Bxg2 24. f3 Bxf1 25. Qxf1 Rc2 26. Qd3 Ra2 27. a5 Qa7+
28. Kf1 Qc7 29. Rc1 Qxh2 30. Rc2 Ra1+ 31. Rc1 Rxc1+ 32. Bxc1 Qh1+ 33. Ke2 Qxc1
34. a6 Qb2+ 35. Kf1 Qa1+ 36. Kg2 Qa5 37. Bc4 Rd8 38. Qe4 Rd2+ 39. Kh3 Qc7 40. f4
h5 41. Qa8+ Kh7 42. a7 Qxf4 43. Qb8 Rh2# 0-1

[Event "Titled Tue 27th May Early"]
[Site "chess.com INT"]
[Date "2025.05.27"]
[Round "3"]
[White "Saito, Vinicius"]
[Black "Vaganian, Rafael A"]
[Result "0-1"]
[BlackTitle "GM"]
[WhiteElo "2083"]
[BlackElo "2449"]
[WhiteFideId "2113384"]
[BlackFideId "13300016"]
[EventDate "2025.05.27"]

1. e4 e6 2. d4 d5 3. Nc3 Bb4 4. e5 b6 5. Bd2 Ne7 6. Nce2 Bxd2+ 7. Qxd2 Ba6 8.
Nf3 O-O 9. h4 c5 10. c3 Nbc6 11. g3 cxd4 12. cxd4 Nf5 13. Nf4 Bxf1 14. Kxf1 Qe7
15. Kg2 Qb4 16. Qxb4 Nxb4 17. a3 Nc2 18. Rad1 Rfc8 19. Rd2 Rc4 20. Ne2 Rac8 21.
g4 Ne7 22. Kg3 b5 23. Nc3 Nxa3 24. Ra1 b4 25. Na4 Nb5 26. Nc5 Nxd4 27. Nxd4
R4xc5 28. Rxa7 Nc6 29. Rb7 Nxe5 30. Rxb4 Nc6 31. Rb7 Kf8 32. h5 h6 33. f4 Rc4
34. Nf3 Rb8 35. Rc7 Ne5 36. Ra7 Nxf3 37. Kxf3 Rb3+ 38. Kg2 Rxf4 39. Rc2 Rxg4+
40. Kf2 Rc4 41. Re2 Rcb4 0-1

[Event "Titled Tue 27th May Early"]
[Site "chess.com INT"]
[Date "2025.05.27"]
[Round "3"]
[White "Salimova, Asal"]
[Black "Aghaei, Alireza"]
[Result "1-0"]
[WhiteTitle "WCM"]
[BlackTitle "CM"]
[WhiteElo "2003"]
[BlackElo "2204"]
[WhiteFideId "14204940"]
[BlackFideId "12509914"]
[EventDate "2025.05.27"]

1. c4 Nf6 2. g3 g6 3. Bg2 c5 4. Nc3 Bg7 5. e4 Nc6 6. Nge2 d6 7. O-O O-O 8. d4
cxd4 9. Nxd4 Nxe4 10. Nxc6 Nxc3 11. Nxd8 Nxd1 12. Nxb7 Nxb2 13. Nxd6 Rb8 14.
Nxc8 Rfxc8 15. Bf4 e5 16. Be3 a6 17. c5 Nc4 18. c6 Nxe3 19. fxe3 e4 20. Rac1 f5
21. Rfd1 Rc7 22. Bf1 Rb6 23. Rd7 Rcxc6 24. Bc4+ Kf8 25. Rf7+ Ke8 26. Rxg7 Kd8
27. Rd1+ Rd6 28. Rxd6+ Rxd6 29. Rxh7 Rc6 30. Bf1 Rc2 31. Rh6 Rxa2 32. Rxg6 a5
33. Rf6 Ra3 34. Rxf5 Rxe3 35. Rxa5 Re1 36. Re5 Rb1 37. Rxe4 Rb2 38. h4 Rb1 39.
h5 Rb2 40. h6 Rb6 41. Rh4 Rxh6 42. Rxh6 Ke7 43. g4 Kf7 44. g5 Kg7 45. Bd3 Kg8
46. g6 Kg7 47. Rh7+ Kg8 48. Bc4+ Kf8 49. g7+ 1-0

[Event "Titled Tue 27th May Early"]
[Site "chess.com INT"]
[Date "2025.05.27"]
[Round "3"]
[White "Andriienko, Artom"]
[Black "Ilinca, Felix-Antonio"]
[Result "1-0"]
[BlackTitle "IM"]
[WhiteElo "2153"]
[BlackElo "2420"]
[WhiteFideId "34129510"]
[BlackFideId "54764998"]
[EventDate "2025.05.27"]

1. e4 c6 2. Nc3 d5 3. Nf3 g6 4. d4 Bg7 5. h3 dxe4 6. Nxe4 Nf6 7. Nxf6+ exf6 8.
Bc4 O-O 9. O-O a5 10. a3 Na6 11. Re1 Nc7 12. c3 Nd5 13. Qb3 a4 14. Qc2 Be6 15.
Bd3 b5 16. Bd2 Nb6 17. Bf4 Qd7 18. Re2 Nd5 19. Bg3 Bh6 20. Rae1 Nf4 21. Bxf4
Bxf4 22. Nd2 Kg7 23. Ne4 Bb3 24. Qb1 Bd5 25. Nc5 Qd6 26. Be4 Bc4 27. Bd3 Bd5 28.
Be4 f5 29. Bxd5 Qxd5 30. Qd3 Bd6 31. Nd7 Bh2+ 32. Kxh2 Qxd7 33. Re7 Qd6+ 34. Qg3
f4 35. Qf3 Rad8 36. R7e5 f6 37. Re6 Qb8 38. Re7+ Rf7 39. Rxf7+ Kxf7 40. Qxc6 Rd6
41. Qe4 g5 42. Qxh7+ 1-0

[Event "Titled Tue 27th May Early"]
[Site "chess.com INT"]
[Date "2025.05.27"]
[Round "3"]
[White "Andreev, Konstantin"]
[Black "Sai, Han Thiha"]
[Result "1-0"]
[WhiteTitle "FM"]
[BlackTitle "FM"]
[WhiteElo "2208"]
[BlackElo "2121"]
[WhiteFideId "24239305"]
[BlackFideId "13012290"]
[EventDate "2025.05.27"]

1. e4 c6 2. d4 d5 3. e5 c5 4. dxc5 e6 5. Nf3 Bxc5 6. Bd3 Nc6 7. a3 f6 8. exf6
Nxf6 9. O-O O-O 10. b4 Bd6 11. c4 a5 12. cxd5 exd5 13. b5 Ne5 14. Nxe5 Bxe5 15.
Ra2 Bg4 16. f3 Bh5 17. Re2 Re8 18. Kh1 Rc8 19. Bg5 Qd6 20. Bf5 Rcd8 21. h3 h6
22. Bh4 g5 23. Bf2 d4 24. Rfe1 Nd5 25. Bxd4 Nf4 26. Qb3+ Bf7 27. Bxe5 Rxe5 28.
Qxf7+ Kxf7 29. Rxe5 Kf6 30. g4 Qxe5 31. Rxe5 Kxe5 32. Nc3 Rd2 33. Be4 Nxh3 34.
Bxb7 Kf4 35. b6 Rb2 36. Bc6 Kg3 37. Ne4+ Kf4 38. b7 Rb1+ 39. Kg2 Ng1 40. Nc3 Rb3
41. Kxg1 Kg3 42. Kf1 1-0

[Event "Titled Tue 27th May Early"]
[Site "chess.com INT"]
[Date "2025.05.27"]
[Round "3"]
[White "Mora Munoz, Alejandro"]
[Black "Kodithuwakku, K K Dinujaya"]
[Result "1-0"]
[WhiteTitle "FM"]
[BlackTitle "CM"]
[WhiteElo "2147"]
[BlackElo "2011"]
[WhiteFideId "4469844"]
[BlackFideId "9998845"]
[EventDate "2025.05.27"]

1. e4 g6 2. d4 Bg7 3. Nc3 d6 4. Be3 a6 5. g4 b5 6. Qd2 Bb7 7. f3 Nf6 8. g5 Nh5
9. Bh3 Nd7 10. Bg4 e5 11. d5 Nf4 12. Nge2 Qxg5 13. Nxf4 exf4 14. Bxd7+ Kxd7 15.
Bxf4 Qf6 16. Bg5 Qd4 17. O-O-O Qxd2+ 18. Rxd2 Rae8 19. h4 h6 20. Bf4 Be5 21. Ne2
c6 22. Bxe5 Rxe5 23. dxc6+ Bxc6 24. Rhd1 f5 25. Rxd6+ Kc7 26. Rxg6 fxe4 27. Rg7+
Kc8 28. f4 Rd5 29. Rxd5 Bxd5 30. Kd2 Bc4 31. Nc3 Re8 32. Ke3 b4 33. Na4 Bxa2 34.
Nb6+ Kb8 35. f5 Bb1 36. f6 b3 37. cxb3 Rf8 38. Nd7+ 1-0

[Event "Titled Tue 27th May Early"]
[Site "chess.com INT"]
[Date "2025.05.27"]
[Round "3"]
[White "Karas, Marek"]
[Black "Chen, Yidong"]
[Result "1-0"]
[WhiteTitle "FM"]
[WhiteElo "2200"]
[BlackElo "2038"]
[WhiteFideId "14928558"]
[BlackFideId "8607028"]
[EventDate "2025.05.27"]

1. d4 Nf6 2. c4 g6 3. Nc3 d5 4. e3 Bg7 5. cxd5 Nxd5 6. Nxd5 Qxd5 7. Ne2 O-O 8.
Nc3 Qd8 9. Be2 c5 10. d5 a6 11. a4 Nd7 12. O-O Nf6 13. e4 h6 14. e5 Ne8 15. f4
Kh7 16. Be3 b6 17. a5 f6 18. e6 b5 19. f5 g5 20. Bxc5 Bb7 21. Bf3 Rc8 22. b4 Nd6
23. Bh5 Nc4 24. Bg6+ Kh8 25. h4 Rxc5 26. bxc5 Ne3 27. Qd3 Nxf1 28. Rxf1 Qc7 29.
Ne4 Qxa5 30. hxg5 fxg5 31. Nxg5 Qc3 32. Qxc3 Bxc3 33. Nf7+ Kg7 34. d6 Bd4+ 35.
Kh2 Bxc5 36. d7 Bb6 37. f6+ exf6 38. e7 Bc7+ 39. Kh1 1-0

[Event "Titled Tue 27th May Early"]
[Site "chess.com INT"]
[Date "2025.05.27"]
[Round "3"]
[White "Bendayan Claros, Aaron"]
[Black "Schracke, Guido"]
[Result "1-0"]
[WhiteTitle "CM"]
[BlackTitle "CM"]
[WhiteElo "2224"]
[BlackElo "2138"]
[WhiteFideId "3803392"]
[BlackFideId "4637054"]
[EventDate "2025.05.27"]

1. d4 Nf6 2. Nf3 d6 3. Nbd2 Nbd7 4. e4 c5 5. d5 e5 6. Bd3 a6 7. a4 b6 8. Nc4 Be7
9. Nh4 Nf8 10. Nf3 Ng6 11. h3 h6 12. g3 Bd7 13. a5 b5 14. Nb6 Ra7 15. c3 O-O 16.
Be3 Rb7 17. b4 c4 18. Bc2 Be8 19. Qe2 Nd7 20. Nxd7 Bxd7 21. Nd2 Qc8 22. f4 exf4
23. gxf4 Bh4+ 24. Kd1 Re8 25. Kc1 Bf6 26. Kb2 Ne7 27. Qg2 Kh8 28. Rag1 Rg8 29.
h4 Be8 30. h5 Qb8 31. Qg3 Nc8 32. Nf3 Bd7 33. e5 Be7 34. Bd4 1-0

[Event "Titled Tue 27th May Early"]
[Site "chess.com INT"]
[Date "2025.05.27"]
[Round "3"]
[White "Harsh, Suresh"]
[Black "Zong, Davis"]
[Result "1-0"]
[WhiteTitle "IM"]
[BlackTitle "FM"]
[WhiteElo "2392"]
[BlackElo "2242"]
[WhiteFideId "45018464"]
[BlackFideId "30903955"]
[EventDate "2025.05.27"]

1. e4 e5 2. Nc3 Nf6 3. Bc4 Be7 4. d3 Nc6 5. f4 d6 6. Nf3 O-O 7. f5 Na5 8. Qe2 c6
9. Bb3 Qc7 10. g4 Nxb3 11. axb3 d5 12. g5 Ne8 13. Rg1 Bb4 14. Bd2 d4 15. Nd1
Bxd2+ 16. Qxd2 a5 17. Qg2 f6 18. h4 Kh8 19. Qg3 b5 20. Nf2 a4 21. h5 Ra7 22.
bxa4 bxa4 23. h6 gxh6 24. gxf6 Nxf6 25. Nxe5 Qe7 26. Nfg4 Nxg4 27. Nxg4 Qb4+ 28.
Ke2 Qxb2 29. Qe5+ Rg7 30. Ne3 Rg8 31. Rxg7 Rxg7 32. Rg1 Qb7 33. Qe8+ Rg8 34.
Qxg8# 1-0

[Event "Titled Tue 27th May Early"]
[Site "chess.com INT"]
[Date "2025.05.27"]
[Round "3"]
[White "Calvo Gonzalez, Jose Felix"]
[Black "Negrean, Andrei"]
[Result "0-1"]
[WhiteTitle "CM"]
[BlackTitle "FM"]
[WhiteElo "2168"]
[BlackElo "2336"]
[WhiteFideId "54505615"]
[BlackFideId "1291513"]
[EventDate "2025.05.27"]

1. e4 c5 2. Nf3 a6 3. c3 Nf6 4. e5 Nd5 5. d4 cxd4 6. cxd4 b5 7. Nc3 Bb7 8. Bd3
e6 9. O-O Be7 10. Qe2 O-O 11. Bd2 d6 12. Ne4 dxe5 13. dxe5 Nc6 14. Neg5 g6 15.
Rfd1 Qb6 16. Qe4 Kg7 17. h4 Ncb4 18. h5 Nxd3 19. Qxd3 Rad8 20. Qe2 h6 21. Ne4 g5
22. Rac1 Rg8 23. Nh2 Nb4 24. Ng4 Nd3 25. Rc2 Nc5 26. Nxc5 Bxc5 27. Nf6 Rh8 28.
Bc3 Rxd1+ 29. Qxd1 Rd8 30. Qe2 Qc6 0-1

[Event "Titled Tue 27th May Early"]
[Site "chess.com INT"]
[Date "2025.05.27"]
[Round "3"]
[White "Mitrabha, Guha"]
[Black "Souleidis, Georgios"]
[Result "1-0"]
[WhiteTitle "GM"]
[BlackTitle "IM"]
[WhiteElo "2515"]
[BlackElo "2418"]
[WhiteFideId "5057000"]
[BlackFideId "4206827"]
[EventDate "2025.05.27"]

1. Nf3 Nf6 2. c4 g6 3. g3 Bg7 4. Bg2 O-O 5. O-O d6 6. Nc3 Nc6 7. d3 h6 8. Rb1 e5
9. b4 Be6 10. e4 Bg4 11. Be3 Nd4 12. Bxd4 exd4 13. Ne2 Nd7 14. h3 Bxf3 15. Bxf3
b6 16. Bg2 a5 17. a3 axb4 18. axb4 Ra2 19. Nf4 h5 20. Qb3 Ra7 21. h4 Bh6 22. Ne2
Bg7 23. Ra1 Rxa1 24. Rxa1 Ne5 25. Ra2 Ng4 26. Nf4 Bh6 27. Nh3 Qe7 28. Ra7 Kh8
29. Qa4 Ne5 30. Qd1 Ng4 31. Bf3 Ne5 32. Kg2 Nc6 33. Ra4 Ne5 34. Ng1 Kg7 35. Ne2
c5 36. b5 Qf6 37. Ng1 Rb8 38. Ra7 Kg8 39. Be2 Qe6 40. Nf3 Nxf3 41. Bxf3 Bg7 42.
e5 Qxe5 43. Bd5 Rf8 44. Rb7 Kh7 45. Rxb6 f5 46. Qf3 f4 47. Qe4 fxg3 48. Qxe5
gxf2 49. Qe2 1-0

[Event "Titled Tue 27th May Early"]
[Site "chess.com INT"]
[Date "2025.05.27"]
[Round "3"]
[White "Shymanskyi, Oleksandr"]
[Black "Dragnev, Valentin"]
[Result "0-1"]
[WhiteTitle "FM"]
[BlackTitle "GM"]
[WhiteElo "2218"]
[BlackElo "2540"]
[WhiteFideId "14168880"]
[BlackFideId "1634852"]
[EventDate "2025.05.27"]

1. e4 c6 2. Nf3 d5 3. Nc3 Bg4 4. h3 Bxf3 5. Qxf3 e6 6. g3 Nd7 7. Qe2 Bc5 8. Bg2
Ne7 9. O-O O-O 10. Kh1 d4 11. Nb1 e5 12. d3 Bd6 13. Nd2 c5 14. f4 Nc6 15. f5 b5
16. a4 a6 17. Nf3 f6 18. g4 bxa4 19. Rxa4 Nb6 20. Ra1 Qe8 21. h4 Qf7 22. Nh2 c4
23. g5 cxd3 24. cxd3 Nb4 25. Ng4 Kh8 26. Kh2 Qh5 27. Kg3 Rac8 28. Bf3 Rc2 29.
Bd2 Qe8 30. Rfc1 Rxb2 31. Rab1 Rxb1 32. Rxb1 a5 33. Kg2 Na4 34. Rc1 Qb5 35. Bxb4
axb4 36. g6 Nc3 37. Qd2 Ra8 38. Rc2 b3 39. Rb2 Ba3 40. Kg3 Bxb2 41. Qxb2 Qxd3
42. h5 Nxe4+ 43. Kh4 Qxf3 44. Qh2 Ra2 45. Qg1 Rg2 46. Qxg2 Qxg2 47. h6 Qg3+ 48.
Kh5 0-1

[Event "Titled Tue 27th May Early"]
[Site "chess.com INT"]
[Date "2025.05.27"]
[Round "3"]
[White "Fikiet, Alex"]
[Black "Ostanin, Vadim"]
[Result "0-1"]
[BlackTitle "FM"]
[WhiteElo "2151"]
[BlackElo "2317"]
[WhiteFideId "2052717"]
[BlackFideId "24125016"]
[EventDate "2025.05.27"]

1. e4 c5 2. d4 cxd4 3. c3 Nf6 4. e5 Nd5 5. Nf3 Nc6 6. Bc4 Nb6 7. Bb3 d6 8. exd6
Qxd6 9. Na3 a6 10. O-O Be6 11. Bxe6 Qxe6 12. Nxd4 Nxd4 13. Qxd4 Rd8 14. Qh4 Qc6
15. Nc2 e6 16. Bg5 Rd7 17. Nd4 Qc4 18. Rfe1 Bc5 19. Qg3 Bd6 20. Qg4 h5 21. Qh4
Kf8 22. Rad1 Bc5 23. Nxe6+ Qxe6 24. h3 Rxd1 25. Rxd1 Nd7 26. b4 Be7 27. Bxe7+
Qxe7 28. Qd4 Nf6 29. Qb6 g6 30. Qd4 Kg7 31. Rd3 Re8 32. Rf3 Qe1+ 0-1

[Event "Titled Tue 27th May Early"]
[Site "chess.com INT"]
[Date "2025.05.27"]
[Round "3"]
[White "Kurchenko, Egor"]
[Black "Atakhan, Abtin"]
[Result "0-1"]
[WhiteTitle "FM"]
[BlackTitle "IM"]
[WhiteElo "2130"]
[BlackElo "2410"]
[WhiteFideId "54157749"]
[BlackFideId "22502203"]
[EventDate "2025.05.27"]

1. e4 c5 2. Na3 g6 3. c3 Nf6 4. Qe2 Bg7 5. d4 cxd4 6. cxd4 Nc6 7. Nc2 d5 8. e5
Ne4 9. f3 Qa5+ 10. Kd1 h5 11. fxe4 Bg4 12. Nf3 dxe4 13. Qxe4 Rd8 14. Bd2 Qb6 15.
Kc1 Bf5 16. Qe3 Bxc2 17. Kxc2 Bh6 18. Qb3 Nxd4+ 19. Nxd4 Qxd4 20. Bb5+ Kf8 21.
Bxh6+ Rxh6 22. Rae1 a6 23. Rhf1 Rh7 24. Bd3 e6 25. Bxg6 Rg7 26. Qxe6 Qd2+ 27.
Kb3 Rd3+ 28. Bxd3 Qxd3+ 29. Ka4 Rg4+ 30. b4 Qb5+ 31. Kb3 Rxb4+ 32. Kc3 Qc5+ 33.
Kd3 Qd4+ 34. Ke2 Rb2+ 35. Kf3 fxe6 36. Kg3+ 0-1